| 000 -LEADER |
| fixed length control field |
00439nam a2200145Ia 4500 |
| 003 - CONTROL NUMBER IDENTIFIER |
| control field |
OSt |
| 005 - DATE AND TIME OF LATEST TRANSACTION |
| control field |
20190927113126.0 |
| 008 - FIXED-LENGTH DATA ELEMENTS--GENERAL INFORMATION |
| fixed length control field |
190722s9999 xx 000 0 und d |
| 020 ## - INTERNATIONAL STANDARD BOOK NUMBER |
| International Standard Book Number |
978-9352602216 |
| 040 ## - CATALOGING SOURCE |
| Transcribing agency |
maju |
| 100 ## - MAIN ENTRY--PERSONAL NAME |
| Personal name |
Trishna's Knoledge Systems |
| 245 #0 - TITLE STATEMENT |
| Title |
GATE Graduate Aptitude Test in Engineering (Electronics and Communication Engineering) 2016 |
| 260 ## - PUBLICATION, DISTRIBUTION, ETC. (IMPRINT) |
| Place of publication, distribution, etc |
India |
| Name of publisher, distributor, etc |
Pearson India Education Services |
| Date of publication, distribution, etc |
2016 |
| 942 ## - ADDED ENTRY ELEMENTS (KOHA) |
| Koha item type |
Books |
| Source of classification or shelving scheme |
|